Logo quiz : stations de ski françaises - Statistiques

Statistiques générales
  • Ce quiz a été pris 204 fois
  • Le résultat moyen est 15 sur 29
Statistiques - réponses
Par images Réponse % Correct
La Plagne
90%
Tignes
88%
Courchevel
85%
Alpe d'huez
84%
Les 2 Alpes
82%
Méribel
80%
Val Thorens
77%
Val d'Isère
75%
Les Arcs
70%
Les Saisies
64%
Vars
63%
Chamonix-Mont-Blanc
62%
Morzine
59%
Serre-Chevalier Vallée
57%
Châtel
56%
Les Menuires
56%
Valloire
56%
Flaine
49%
Megève
49%
Avoriaz
48%
Les Gets
47%
Valmeinier
30%
Auron
23%
Saint-Lary-Soulan
23%
Grand Tourmalet
16%
Le Lioran
16%
Ax 3 Domaines
15%
Peyragudes
15%
Piau Engaly
9%
Aucun quiz correspondant
Distribution des résultats
% des personnes avec chaque résultat
Percentile par nombre de réponses
Votre historique - résultats
Vous n’avez pas pris ce quiz